Dos caminos para la reforma agraria en Chile: 1945-1965
Gespeichert in:
| 1. Verfasser: | |
|---|---|
| Format: | Buch |
| Sprache: | Spanisch |
| Veröffentlicht: |
Santiago
Orbe
1966
|
| Schlagworte: | |
| Tags: |
Tag hinzufügen
Keine Tags, Fügen Sie den ersten Tag hinzu!
|
MARC
| LEADER | 00000nam a2200000 a 4500 | ||
|---|---|---|---|
| 001 | UCP7677 | ||
| 003 | CL-VaPUC | ||
| 008 | 991217e19660000CL |||||||||||||||||spa|d | ||
| 082 | 0 | 4 | |a 333.31 |b ROG |2 21 |
| 100 | 0 | |a Rogers Sotomayor, Jorge |e author |9 437256 | |
| 245 | 1 | 0 | |a Dos caminos para la reforma agraria en Chile: 1945-1965 |
| 300 | |a 342 p | ||
| 942 | |c BK | ||
| 945 | |d 19991217 00:00:00 |a crobeson | ||
| 260 | |a Santiago |b Orbe |c 1966 | ||
| 650 | 0 | |a REFORMA AGRARIA |9 256789 | |
| 650 | 7 | |a POLITICA AGRARIA |2 CL-VaPUC |9 264314 | |
| 650 | 7 | |a ECONOMIA RURAL |2 CL-VaPUC |9 367304 | |
| 650 | 7 | |a POLITICA ECONOMICA 1945 - 1965 |2 CL-VaPUC |9 437257 | |
| 651 | 7 | |a CHILE |2 CL-VaPUC |9 437258 | |
| 583 | |a last modification |c 19991217 00:00:00 |k Rodrigo Vera | ||
| 999 | |c 284794 |d 284792 | ||
| 952 | |0 0 |1 0 |4 0 |6 333_310000000000000_ROG_1966 |7 0 |8 A |9 329028 |a BIBHIS |b BIBHIS |d 2019-11-20 |i 1373641 |o 333.31 ROG 1966 |p 1373641 |r 2025-01-20 |w 2019-11-20 |y BK |k HIS | ||